| 000 | 00000nam##2200000za#4500 |
| 001 | 9.574395 |
| 003 | CaOODSP |
| 005 | 20210624184149 |
| 007 | cr ||||||||||| |
| 008 | 150406|2008||||xxc|||||o f|0| 0 eng|d |
| 022 | |a1488-5379 |
| 040 | |aCaOODSP|beng |
| 043 | |an-cn--- |
| 086 | 1 |aFs97-6/2796E-PDF |
| 110 | 1 |aCanada. |bDepartment of Fisheries and Oceans. |
| 245 | 10|aSummary of non-halibut catch from the Standardized Stock Assessment Survey conducted by the International Pacific Halibut Commission in British Columbia from May 29 to July 22, 2006 |h[electronic resource] |
| 260 | |aNanaimo - British Columbia : |bFisheries and Oceans Canada |c2008. |
| 300 | |a68p.|bgraphs, maps, references, tables |
| 490 | 1 |aCanadian technical report of fisheries and aquatic sciences |x1488-5379|v2796 |
| 500 | |aIncorrect catalogue number (97-6/2796) and the ISSN (0706-6457) copied in this electronic publication. |
| 546 | |a(Résumé en français) |
| 590 | |a12-33-Supp|b2012-07-18 |
| 776 | 0#|tSummary of non-halibut catch from the Standardized Stock Assessment survey conducted by the International Pacific Halibut Commission in British Columbia from May 29 to July 22, 2006 / |w(CaOODSP)9.618934 |
| 830 | #0|aCanadian technical report of fisheries and aquatic sciences,|x1488-5379|v2796|w(CaOODSP)9.504449 |
| 856 | 40|ahttp://publications.gc.ca|qPDF|s1.05 MB |uhttps://publications.gc.ca/collections/collection_2012/mpo-dfo/Fs97-6-2796-eng.pdf|y2796 |